Διαταραχές του λόγου στην παιδική ηλικία : φωνή - ομιλία - ανάγνωση - γραφή

Αποθηκεύτηκε σε:
Λεπτομέρειες βιβλιογραφικής εγγραφής
Κύριος συγγραφέας: Καλαντζής, Κώστας Γ., 1911-
Μορφή: Βιβλίο
Γλώσσα:Greek
Δημοσίευση: Αθήνα : Καραβιάς - Ρουσσόπουλος, 1985
Έκδοση:3η εκδ.
Θέματα:
Ετικέτες: Προσθήκη ετικέτας
Δεν υπάρχουν, Καταχωρήστε ετικέτα πρώτοι!

MARC

LEADER 00000nam a2200000 i 4500
001 1/85136
008 960701s1985 gre d
035 |a 1987  |c Αγορά  |l 10034621 
040 |a GR-MY-UA  |b gre  |e aacr 
041 0 |a gre 
082 0 |a 155.4514 
100 1 |a Καλαντζής, Κώστας Γ.,   |d 1911- 
245 1 0 |a Διαταραχές του λόγου στην παιδική ηλικία :  |b φωνή - ομιλία - ανάγνωση - γραφή /  |c Κώστας Γ.Καλαντζής 
250 |a 3η εκδ. 
260 |a Αθήνα :   |b Καραβιάς - Ρουσσόπουλος,   |c 1985 
300 |a 322 σ. 
650 0 0 |a Speech disorders in children. 
650 0 0 |a Articulation disorders in children. 
650 0 0 |a Speech disorders in children  |x Diagnosis. 
650 0 0 |a Speech therapy for children. 
852 |a INST  |b RHODES  |e 19960701  |h 155.4514 ΚΑΛ  |p 005400004782  |q 005400004782  |t BK  |y 0 
852 |a INST  |b RHODES  |e 19960701  |h 155.4514 ΚΑΛ  |p 005400004783  |q 005400004783  |t BK  |y 0 
852 |a INST  |b RHODES  |e 19960701  |h 155.4514 ΚΑΛ  |p 005400004784  |q 005400004784  |t BK  |y 620 
852 |a INST  |b RHODES  |e 19960701  |h 155.4514 ΚΑΛ  |p 005400004785  |q 005400004785  |t BK  |y 0 
852 |a INST  |b RHODES  |e 19960701  |h 155.4514 ΚΑΛ  |p 005400004786  |q 005400004786  |t BK  |y 0 
909 |a Ρ  |b 006359  |c 1987 
909 |a Ρ  |b 006360  |c 1987 
909 |a Ρ  |b 006361  |c 1987 
909 |a Ρ  |b 006362  |c 1987 
909 |a Ρ  |b 006363  |c 1987